[Event "BL 1718 SK Schwäbisch Hall - MSA Zugzw"]
[Site "?"]
[Date "2018.02.04"]
[Round "8.9"]
[White "Mons, Leon"]
[Black "Rodshtein, Maxim"]
[Result "1/2-1/2"]
[WhiteElo "2529"]
[BlackElo "2689"]
[PlyCount "64"]
[EventDate "2018.??.??"]
[EventType "team-tourn"]

1. Nf3 d5 2. e3 Nf6 3. c4 e6 4. b3 b6 5. d4 Bb7 6. Bd3 Nbd7 7. O-O Bd6 8. cxd5
exd5 9. Ba3 c5 10. Nc3 O-O 11. Rc1 g6 12. Qe2 Re8 13. Ba6 Bxa6 14. Qxa6 cxd4
15. exd4 Bf4 16. Rce1 Qc7 17. Qd3 a6 18. g3 Bh6 19. Bb2 Qb7 20. Ne5 Bg7 21. Re2
b5 22. Nxd7 Qxd7 23. Re5 b4 24. Na4 Qb5 25. Nc5 Ne4 26. Rxe8+ Rxe8 27. Qxb5
axb5 28. Na6 Bf8 29. Nc7 Rc8 30. Rc1 Nc3 31. Bxc3 Rxc7 32. Bd2 Ra7 1/2-1/2

[Event "BL 1718 SK Schwäbisch Hall - MSA Zugzw"]
[Site "?"]
[Date "2018.02.04"]
[Round "8.10"]
[White "Laznicka, Viktor"]
[Black "Kindermann, Stefan"]
[Result "1/2-1/2"]
[WhiteElo "2658"]
[BlackElo "2495"]
[PlyCount "73"]
[EventDate "2018.??.??"]
[EventType "team-tourn"]

1. d4 e6 2. c4 f5 3. g3 Nf6 4. Bg2 d5 5. Nh3 Bd6 6. Bf4 Be7 7. Qc2 c6 8. Nd2
O-O 9. O-O h6 10. f3 g5 11. Be3 Bd7 12. Nf2 Be8 13. Nd3 Nbd7 14. Bf2 Bg6 15.
Rae1 Qc7 16. Qc3 Rae8 17. e4 dxe4 18. fxe4 Ng4 19. c5 Ndf6 20. Re2 fxe4 21.
Nxe4 Nd5 22. Qe1 Bf6 23. Qd2 Qg7 24. Nxf6+ Rxf6 25. h3 Bxd3 26. Qxd3 Nxf2 27.
Rfxf2 Ref8 28. Rxf6 Qxf6 29. Re5 Rf7 30. Qe2 Nc7 31. b4 Kf8 32. a4 a6 33. Kh2
Qf2 34. Qe4 Kg7 35. h4 gxh4 36. Qxh4 Rf6 37. Qe4 1/2-1/2

[Event "BL 1718 SK Schwäbisch Hall - MSA Zugzw"]
[Site "?"]
[Date "2018.02.04"]
[Round "8.11"]
[White "Bromberger, Stefan"]
[Black "Cornette, Matthieu"]
[Result "0-1"]
[WhiteElo "2482"]
[BlackElo "2612"]
[PlyCount "44"]
[EventDate "2018.??.??"]
[EventType "team-tourn"]

1. d4 Nf6 2. c4 e6 3. Nc3 Bb4 4. Qc2 d5 5. a3 Bxc3+ 6. Qxc3 c5 7. dxc5 d4 8.
Qg3 Nc6 9. Nf3 e5 10. b4 e4 11. b5 Na5 12. Nd2 O-O 13. Bb2 Re8 14. e3 d3 15. f3
Bf5 16. O-O-O Bg6 17. h4 Nxc4 18. Nxc4 Qd5 19. Kb1 Qxc4 20. Ka1 Qb3 21. Bxd3
exd3 22. h5 Nxh5 0-1

[Event "BL 1718 SK Schwäbisch Hall - MSA Zugzw"]
[Site "?"]
[Date "2018.02.04"]
[Round "8.12"]
[White "Michalik, Peter"]
[Black "Hertneck, Gerald"]
[Result "1-0"]
[WhiteElo "2548"]
[BlackElo "2493"]
[PlyCount "103"]
[EventDate "2018.??.??"]
[EventType "team-tourn"]

1. d4 Nf6 2. c4 c5 3. d5 b5 4. cxb5 a6 5. b6 e6 6. Nc3 Nxd5 7. Nxd5 exd5 8.
Qxd5 Nc6 9. Nf3 Rb8 10. e4 Be7 11. Bc4 O-O 12. O-O Rxb6 13. Bd2 d6 14. b3 Be6
15. Qd3 Nb4 16. Qe2 Bxc4 17. Qxc4 d5 18. exd5 Qxd5 19. Qxd5 Nxd5 20. Ne5 Re6
21. Rae1 Nb4 22. Nc4 Nxa2 23. Rxe6 fxe6 24. Ra1 Nb4 25. Bxb4 cxb4 26. Rxa6 Bc5
27. Ra2 Bd4 28. Kf1 e5 29. Nd6 h6 30. f3 Rf6 31. Ne4 Rc6 32. Ke2 Kf7 33. Kd3
Ke6 34. Kd2 Kf5 35. Ra4 Bg1 36. h4 Bb6 37. Kd3 Bd8 38. Ng3+ Ke6 39. Rxb4 Rd6+
40. Ke3 Rd4 41. Rxd4 exd4+ 42. Kxd4 Bxh4 43. Ne4 Be7 44. Nc5+ Kf5 45. Kd5 Kf4
46. b4 Kg3 47. b5 Bd8 48. Ne6 Ba5 49. Nxg7 Kxg2 50. f4 Kf3 51. f5 Kg4 52. f6
1-0

[Event "BL 1718 SK Schwäbisch Hall - MSA Zugzw"]
[Site "?"]
[Date "2018.02.04"]
[Round "8.13"]
[White "Zysk, Robert"]
[Black "Le Roux, Jean-Pierre"]
[Result "1/2-1/2"]
[WhiteElo "2416"]
[BlackElo "2555"]
[PlyCount "45"]
[EventDate "2018.??.??"]
[EventType "team-tourn"]

1. d4 Nf6 2. Nf3 g6 3. c4 Bg7 4. g3 c5 5. Bg2 cxd4 6. Nxd4 O-O 7. O-O Nc6 8.
Nc3 Qa5 9. Nc2 d6 10. Nd5 Nxd5 11. cxd5 Ne5 12. Bd2 Qa6 13. Bc3 Bd7 14. f4 Ng4
15. Bxg7 Kxg7 16. Qd4+ Kg8 17. Nb4 Qa5 18. Rfc1 Rac8 19. h3 Nf6 20. a3 Rc5 21.
Nd3 Rxc1+ 22. Rxc1 Rc8 23. Rxc8+ 1/2-1/2

[Event "BL 1718 SK Schwäbisch Hall - MSA Zugzw"]
[Site "?"]
[Date "2018.02.04"]
[Round "8.14"]
[White "Womacka, Mathias"]
[Black "Hoffmeyer, Falk"]
[Result "1-0"]
[WhiteElo "2436"]
[BlackElo "2345"]
[PlyCount "102"]
[EventDate "2018.??.??"]
[EventType "team-tourn"]

1. e4 c6 2. d4 d5 3. Nd2 dxe4 4. Nxe4 Bf5 5. Ng3 Bg6 6. h4 h6 7. Nf3 e6 8. Ne5
Bh7 9. Bd3 Bxd3 10. Qxd3 Nd7 11. f4 Be7 12. Bd2 Nxe5 13. fxe5 Bxh4 14. O-O-O
Bxg3 15. Qxg3 Ne7 16. Qxg7 Rg8 17. Qxh6 Qd5 18. Kb1 O-O-O 19. Qf6 Rxg2 20. Qxe7
Rxd2 21. Qxd8+ Kxd8 22. Rh8+ Ke7 23. Rxd2 c5 24. c3 Qe4+ 25. Kc1 Qe1+ 26. Rd1
Qe3+ 27. Kb1 Qe4+ 28. Ka1 cxd4 29. cxd4 f6 30. exf6+ Kxf6 31. Rhh1 Qd5 32. Rhe1
Kf7 33. a3 a6 34. Re5 Qd6 35. Rf1+ Ke7 36. Rf4 Qc6 37. Rfe4 Qc1+ 38. Ka2 Qc4+
39. Kb1 Qd3+ 40. Kc1 Qc4+ 41. Kb1 Qd3+ 42. Ka1 Kd7 43. Rxe6 Qc4 44. R6e5 Qc1+
45. Ka2 Qc4+ 46. Kb1 Qd3+ 47. Ka1 Qf1+ 48. Re1 Qd3 49. Re7+ Kc8 50. Rc1+ Kb8
51. Rd7 Qc4 1-0

[Event "BL 1718 SK Schwäbisch Hall - MSA Zugzw"]
[Site "?"]
[Date "2018.02.04"]
[Round "8.15"]
[White "Gerigk, Erasmus"]
[Black "Zeller, Frank"]
[Result "1/2-1/2"]
[WhiteElo "2344"]
[BlackElo "2382"]
[PlyCount "167"]
[EventDate "2018.??.??"]
[EventType "team-tourn"]

1. e4 c5 2. c3 d5 3. exd5 Nf6 4. d4 Nxd5 5. Nf3 e6 6. Be2 Qc7 7. O-O Nd7 8. Re1
Be7 9. c4 Nf4 10. Bf1 O-O 11. Nc3 cxd4 12. Nxd4 Ng6 13. Be3 a6 14. a3 Nde5 15.
Qe2 Bd7 16. f4 Nc6 17. Nxc6 Bxc6 18. Qf2 Rae8 19. b4 f5 20. Bb6 Qxf4 21. Rxe6
Bf6 22. Rxe8 Rxe8 23. Qxf4 Nxf4 24. Rc1 Bxc3 25. Rxc3 Ne2+ 26. Bxe2 Rxe2 27.
Bf2 Rb2 28. h4 Kf7 29. Rg3 g6 30. h5 Rc2 31. hxg6+ hxg6 32. c5 f4 33. Rg4 Rc4
34. Bh4 Bd7 35. Rg5 Bf5 36. Kf2 Be4 37. Re5 Rc2+ 38. Ke1 Bxg2 39. Bg5 Bc6 40.
Bxf4 Kf6 41. Rg5 Rc4 42. Bd2 Re4+ 43. Kf2 Rh4 44. Rg3 Rh2+ 45. Ke3 g5 46. Kd3
Rh5 47. Rg1 Bb5+ 48. Ke3 Kf5 49. a4 Bxa4 50. Rf1+ Ke6 51. Kf3 Bb5 52. Rf2 Kf5
53. Kg3+ Kg6 54. Rf8 Bc4 55. Re8 Rh1 56. Re5 Rg1+ 57. Kf2 Rg4 58. Kf3 Kh5 59.
Be1 Bb5 60. Re7 Bc6+ 61. Kf2 Rg2+ 62. Kf1 Kg4 63. Re6 Rc2 64. Rd6 Bg2+ 65. Kg1
Be4 66. Rd2 Rc1 67. Kf2 Kf5 68. Rd8 g4 69. Bd2 Rh1 70. Rf8+ Ke6 71. Ke3 Bf3 72.
Rd8 Rh7 73. Bc3 Rf7 74. Be1 Kf5 75. Bh4 Rh7 76. Rf8+ Ke6 77. Bg3 Kd5 78. Rf4
Re7+ 79. Kd3 Be2+ 80. Kd2 Bf3 81. Kd3 Be2+ 82. Kd2 Kc6 83. Bh4 Re8 84. Rf6+
1/2-1/2

[Event "BL 1718 SK Schwäbisch Hall - MSA Zugzw"]
[Site "?"]
[Date "2018.02.04"]
[Round "8.16"]
[White "Zpevak, Pavel"]
[Black "Lammers, Markus"]
[Result "1/2-1/2"]
[WhiteElo "2341"]
[BlackElo "2305"]
[PlyCount "56"]
[EventDate "2018.??.??"]
[EventType "team-tourn"]

1. c4 c5 2. Nf3 Nf6 3. Nc3 Nc6 4. d4 cxd4 5. Nxd4 e6 6. a3 Be7 7. e4 d6 8. Be2
O-O 9. O-O Nxd4 10. Qxd4 a6 11. Be3 Bd7 12. Rfd1 Qb8 13. f3 Bc6 14. Rac1 Rd8
15. Kh1 Rd7 16. Rd2 Qe8 17. Rdd1 Rdd8 18. Qd2 h6 19. Bb6 Rdc8 20. b4 Nd7 21.
Be3 Ne5 22. f4 Ng6 23. Qd3 Rd8 24. Bf1 Bf6 25. Re1 Bh4 26. Red1 Bf6 27. Re1 Bh4
28. Red1 Bf6 1/2-1/2

[Event "BL 1718 SV Mülheim Nord - MSA Zugzwang"]
[Site "?"]
[Date "2018.02.24"]
[Round "9.2"]
[White "Tregubov, Pavel V"]
[Black "Kindermann, Stefan"]
[Result "1/2-1/2"]
[WhiteElo "2575"]
[BlackElo "2495"]
[PlyCount "93"]
[EventDate "2018.??.??"]
[EventType "team-tourn"]

1. d4 e6 2. c4 f5 3. Nf3 Nf6 4. g3 d5 5. Bg2 Bd6 6. O-O O-O 7. b3 b6 8. Ba3 Bb7
9. Qc2 Ne4 10. c5 Be7 11. Ne5 bxc5 12. Bxe4 dxe4 13. Bxc5 Na6 14. Bxe7 Qxe7 15.
Nd2 Nb4 16. Qc5 Qxc5 17. dxc5 e3 18. fxe3 Nc2 19. c6 Ba6 20. Rac1 Nxe3 21. Rf3
Nd5 22. Kf2 Nf6 23. b4 Rfd8 24. Ra3 Rxd2 25. Rxa6 Rd5 26. Nc4 Kf8 27. a4 Ke7
28. Ke1 Ne4 29. Ne3 Rd4 30. Rc4 Rd6 31. b5 Kd8 32. a5 Rb8 33. Rb4 Nc3 34. b6
axb6 35. axb6 cxb6 36. Ra7 Rxc6 37. Rxg7 Ne4 38. Rd4+ Rd6 39. Rxd6+ Nxd6 40.
Rxh7 Rb7 41. Rxb7 Nxb7 42. Kd2 Nc5 43. Kc3 Ke7 44. Nc4 Ne4+ 45. Kb4 Nf6 46. Kb5
Nd5 47. Nxb6 1/2-1/2

[Event "BL 1718 SV Mülheim Nord - MSA Zugzwang"]
[Site "?"]
[Date "2018.02.24"]
[Round "9.3"]
[White "Bromberger, Stefan"]
[Black "Fridman, Daniel"]
[Result "1/2-1/2"]
[WhiteElo "2482"]
[BlackElo "2635"]
[PlyCount "87"]
[EventDate "2018.??.??"]
[EventType "team-tourn"]

1. d4 d5 2. c4 e6 3. Nc3 Nf6 4. Nf3 Be7 5. Bf4 O-O 6. e3 Nbd7 7. Be2 dxc4 8.
O-O a6 9. a4 c5 10. d5 exd5 11. Nxd5 Nxd5 12. Qxd5 Nf6 13. Qe5 Qe8 14. Bxc4 Bd7
15. a5 Bc6 16. Rfd1 Ne4 17. Qf5 g6 18. Qh3 Bf6 19. Bh6 Bxb2 20. Bxf8 Bxa1 21.
Bxc5 Bf6 22. Bd4 Kg7 23. Bxf6+ Nxf6 24. Ng5 Qc8 25. Nxf7 Qxh3 26. gxh3 Re8 27.
Nd8 Bd7 28. Nxb7 Bxh3 29. Bxa6 Re5 30. f4 Rxe3 31. Rd3 Re1+ 32. Kf2 Rf1+ 33.
Ke2 Bg2 34. Rg3 Bxb7 35. Bxb7 Ra1 36. a6 Nd7 37. Rd3 Nc5 38. Rd6 Kf7 39. Rc6
Ne6 40. Rc4 Ke7 41. Kd3 Kd6 42. Rc8 Nxf4+ 43. Kc4 Ne6 44. Rh8 1/2-1/2

[Event "BL 1718 SV Mülheim Nord - MSA Zugzwang"]
[Site "?"]
[Date "2018.02.24"]
[Round "9.4"]
[White "Landa, Konstantin"]
[Black "Hertneck, Gerald"]
[Result "1-0"]
[WhiteElo "2604"]
[BlackElo "2493"]
[PlyCount "111"]
[EventDate "2018.??.??"]
[EventType "team-tourn"]

1. Nf3 Nf6 2. g3 d5 3. Bg2 c6 4. O-O Bf5 5. d3 h6 6. c4 e6 7. cxd5 exd5 8. Qb3
Qb6 9. Qc2 Be7 10. Nc3 O-O 11. e4 Bh7 12. Be3 Qa6 13. Rfd1 Nbd7 14. exd5 cxd5
15. Bd4 Rfd8 16. Qb3 Nc5 17. Bxc5 Bxc5 18. d4 Bf8 19. Ne5 Qb6 20. Qxb6 axb6 21.
a3 Ne4 22. Rac1 f6 23. Ng4 Rac8 24. Nb5 Rc6 25. Ne3 Rdc8 26. Ra1 Rd8 27. Na7
Re6 28. Rac1 f5 29. Rc7 f4 30. gxf4 Bd6 31. f5 Bxf5 32. Rc8 Rxc8 33. Nxc8 Bg6
34. Nxd5 b5 35. Re1 Bf5 36. Ne3 Bh7 37. Nd5 Bf8 38. Nc3 Re8 39. Nb6 Nd6 40.
Rxe8 Nxe8 41. Nxb5 Bd3 42. Nc3 Nd6 43. Bd5+ Kh7 44. Nd7 Be7 45. Nc5 Ba6 46. b4
Bf6 47. N3e4 Nb5 48. Nxf6+ gxf6 49. Be4+ f5 50. Bxf5+ Kg7 51. a4 Nxd4 52. Ne6+
Nxe6 53. Bxe6 b5 54. axb5 Bxb5 55. f4 Kf6 56. Bh3 1-0

[Event "BL 1718 SV Mülheim Nord - MSA Zugzwang"]
[Site "?"]
[Date "2018.02.24"]
[Round "9.5"]
[White "Zysk, Robert"]
[Black "Feygin, Michael"]
[Result "0-1"]
[WhiteElo "2416"]
[BlackElo "2493"]
[PlyCount "62"]
[EventDate "2018.??.??"]
[EventType "team-tourn"]

1. Nf3 Nf6 2. d4 c5 3. d5 e6 4. c4 b5 5. Bg5 exd5 6. cxd5 d6 7. e4 a6 8. a4 Be7
9. Bxf6 Bxf6 10. axb5 Bxb2 11. Ra2 Bf6 12. Nbd2 O-O 13. Bd3 Bb7 14. O-O axb5
15. Rxa8 Bxa8 16. Bxb5 Nd7 17. Qb3 Bb7 18. Nc4 Nb6 19. Na5 Bc8 20. Nc6 Qc7 21.
h3 Bd7 22. Rd1 Nc8 23. Qc2 Re8 24. e5 dxe5 25. Qxc5 Qd6 26. Qc2 e4 27. Nd2 e3
28. Nc4 Qc5 29. Qa4 exf2+ 30. Kf1 Bc3 31. N4e5 Rxe5 0-1

[Event "BL 1718 SV Mülheim Nord - MSA Zugzwang"]
[Site "?"]
[Date "2018.02.24"]
[Round "9.6"]
[White "Zelbel, Patrick"]
[Black "Schramm, Christian"]
[Result "1-0"]
[WhiteElo "2441"]
[BlackElo "2376"]
[PlyCount "47"]
[EventDate "2018.??.??"]
[EventType "team-tourn"]

1. e4 e6 2. d4 d5 3. Nd2 c5 4. exd5 Qxd5 5. Ngf3 cxd4 6. Bc4 Qd7 7. O-O Nc6 8.
Qe2 a6 9. a4 Be7 10. Nb3 Nf6 11. Rd1 Qc7 12. Nbxd4 Bd7 13. Nxc6 Bxc6 14. Ne5
Bd5 15. Bxd5 Nxd5 16. c4 Nf6 17. Bf4 Qc8 18. g4 h6 19. h4 a5 20. Qf3 Ra6 21. g5
hxg5 22. hxg5 Nh5 23. Be3 f6 24. g6 1-0

[Event "BL 1718 SV Mülheim Nord - MSA Zugzwang"]
[Site "?"]
[Date "2018.02.24"]
[Round "9.7"]
[White "Eichler, Christoph"]
[Black "Hausrath, Daniel"]
[Result "0-1"]
[WhiteElo "2303"]
[BlackElo "2499"]
[PlyCount "88"]
[EventDate "2018.??.??"]
[EventType "team-tourn"]

1. d4 g6 2. Nf3 Bg7 3. g3 Nf6 4. Bg2 O-O 5. O-O c6 6. c4 d6 7. Nc3 Bf5 8. Ne1
Qb6 9. h3 d5 10. cxd5 cxd5 11. g4 Be6 12. e3 h5 13. g5 Ne4 14. Nd3 Nxg5 15. Nf4
Bc8 16. Ncxd5 Qd8 17. Bd2 Nc6 18. Rc1 Bf5 19. Nb4 Nxb4 20. Bxb4 Qd7 21. Nd5
Nxh3+ 22. Kh2 Kh7 23. Rc7 Qb5 24. a4 Qa6 25. Nxe7 Bg4 26. Qc1 Qf6 27. f3 Nf4
28. Qe1 Nxg2 29. Kxg2 Be6 30. Qg3 Rfe8 31. Rxb7 Bc4 32. Rc1 Qe6 33. Rc7 Bb3 34.
R1c3 Bxa4 35. Nc6 Qd5 36. Ba3 Bxc6 37. R7xc6 Rxe3 38. Rxg6 Re2+ 39. Kf1 fxg6
40. Kxe2 Re8+ 41. Kf1 Qxd4 42. Qc7 Qd1+ 43. Kg2 Re2+ 44. Kg3 Qe1+ 0-1

[Event "BL 1718 SV Mülheim Nord - MSA Zugzwang"]
[Site "?"]
[Date "2018.02.24"]
[Round "9.8"]
[White "Zwirs, Nico"]
[Black "Lammers, Markus"]
[Result "1/2-1/2"]
[WhiteElo "2378"]
[BlackElo "2305"]
[PlyCount "105"]
[EventDate "2018.??.??"]
[EventType "team-tourn"]

1. Nf3 d5 2. d4 Nf6 3. c4 dxc4 4. e3 e6 5. Bxc4 c5 6. O-O a6 7. a3 b5 8. Ba2
Bb7 9. Nc3 Be7 10. Qe2 Nbd7 11. dxc5 Nxc5 12. b4 Qd3 13. Bb2 Qxe2 14. Nxe2 Na4
15. Bd4 O-O 16. Nf4 a5 17. Rfc1 Bxf3 18. gxf3 axb4 19. axb4 Bxb4 20. Rab1 Ba3
21. Rc7 Bd6 22. Rc6 e5 23. Ba1 exf4 24. Rxd6 Rfd8 25. Rxd8+ Rxd8 26. Rxb5 fxe3
27. fxe3 Rd1+ 28. Kf2 Nd7 29. Bb1 Nac5 30. Bd4 Ne6 31. Bc3 Rc1 32. Be1 Kf8 33.
Bb4+ Ke8 34. Ba3 Rc3 35. Bb2 Rc6 36. Be4 Rb6 37. Rxb6 Nxb6 38. f4 g6 39. f5 Nd8
40. Bd4 Nc4 41. Bd3 Nd6 42. e4 Nc6 43. Bc3 Ke7 44. Kg3 f6 45. Kf4 Ne5 46. Bxe5
fxe5+ 47. Kxe5 gxf5 48. exf5 Nf7+ 49. Kf4 Kf6 50. Bc4 Nd6 51. Be6 Nb5 52. Bg8
Nd4 53. Bxh7 1/2-1/2

[Event "BL 1718 SV Werder Bremen - FC Bayern MÃ"]
[Site "?"]
[Date "2018.02.24"]
[Round "9.1"]
[White "Bischoff, Klaus"]
[Black "Fressinet, Laurent"]
[Result "1/2-1/2"]
[WhiteElo "2511"]
[BlackElo "2662"]
[PlyCount "68"]
[EventDate "2018.??.??"]
[EventType "team-tourn"]

1. Nf3 d5 2. c4 e6 3. d4 Nf6 4. Nc3 c6 5. e3 Nbd7 6. Qc2 Bd6 7. Bd2 O-O 8. h3
b6 9. cxd5 exd5 10. Bd3 Bb7 11. O-O c5 12. Rfd1 Rc8 13. Be1 Re8 14. Qe2 c4 15.
Bc2 Ne4 16. Nd2 Ndf6 17. Nf1 Bc6 18. a4 a6 19. Na2 Qe7 20. h4 Nd7 21. f3 Nef6
22. Bd2 Nf8 23. Qe1 Bb8 24. b3 b5 25. Nb4 Bb7 26. axb5 axb5 27. bxc4 bxc4 28.
Rdb1 Ng6 29. Bf5 Rcd8 30. Qf2 Nh5 31. Bg4 Nf6 32. Bh3 Qd6 33. g4 Bc8 34. Bg2 h6
1/2-1/2

[Event "BL 1718 SV Werder Bremen - FC Bayern MÃ"]
[Site "?"]
[Date "2018.02.24"]
[Round "9.2"]
[White "Efimenko, Zahar"]
[Black "Johansson, Linus"]
[Result "1/2-1/2"]
[WhiteElo "2636"]
[BlackElo "2452"]
[PlyCount "85"]
[EventDate "2018.??.??"]
[EventType "team-tourn"]

1. Nf3 Nf6 2. g3 b6 3. Bg2 Bb7 4. c4 e6 5. O-O Be7 6. Nc3 O-O 7. Re1 Ne4 8.
Nxe4 Bxe4 9. d3 Bb7 10. e4 c5 11. d4 cxd4 12. Nxd4 d6 13. b3 a6 14. Bb2 Nd7 15.
Qg4 Ne5 16. Qe2 Rc8 17. Rad1 Qc7 18. f4 Nc6 19. Nc2 Rfe8 20. Ne3 Bf8 21. Ng4
Ne7 22. Qd3 Nc6 23. Qc3 f6 24. Kh1 b5 25. cxb5 axb5 26. b4 Qf7 27. Qb3 e5 28.
Qxf7+ Kxf7 29. a3 Nd4 30. Bxd4 exd4 31. Rxd4 Rc3 32. e5 Bxg2+ 33. Kxg2 Rxa3 34.
Rd5 dxe5 35. fxe5 Ra2+ 36. Kf3 Bxb4 37. Rb1 Bc3 38. exf6 Bxf6 39. Rdxb5 Ra3+
40. R1b3 Rxb3+ 41. Rxb3 Re7 42. Nxf6 Kxf6 43. h4 1/2-1/2

[Event "BL 1718 SV Werder Bremen - FC Bayern MÃ"]
[Site "?"]
[Date "2018.02.24"]
[Round "9.3"]
[White "Fedorovsky, Michael"]
[Black "Hracek, Zbynek"]
[Result "0-1"]
[WhiteElo "2469"]
[BlackElo "2583"]
[PlyCount "74"]
[EventDate "2018.??.??"]
[EventType "team-tourn"]

1. d4 Nf6 2. c4 e6 3. g3 Bb4+ 4. Bd2 a5 5. Bg2 c5 6. d5 exd5 7. cxd5 O-O 8. Nh3
d6 9. O-O Bxd2 10. Nxd2 b5 11. a4 b4 12. Nc4 Ba6 13. Rc1 Bxc4 14. Rxc4 Nbd7 15.
e4 Re8 16. Re1 Ne5 17. Rc2 Qb6 18. Bf1 Rac8 19. Bc4 Nxc4 20. Rxc4 Qb7 21. Nf4
Nd7 22. Rc1 c4 23. Qd4 Ne5 24. Kg2 Qd7 25. Ra1 c3 26. bxc3 Rxc3 27. Re3 Rec8
28. Rxc3 Rxc3 29. Qb6 Qc7 30. Qb5 g6 31. Re1 Kg7 32. Ne2 Rc5 33. Qe8 Rc4 34.
Nf4 Rc2 35. Re3 Qa7 36. Kg1 b3 37. Qb5 b2 0-1

[Event "BL 1718 SV Werder Bremen - FC Bayern MÃ"]
[Site "?"]
[Date "2018.02.24"]
[Round "9.4"]
[White "Nyback, Tomi"]
[Black "Lindgren, Philip"]
[Result "1-0"]
[WhiteElo "2576"]
[BlackElo "2405"]
[PlyCount "95"]
[EventDate "2018.??.??"]
[EventType "team-tourn"]

1. d4 Nf6 2. c4 e6 3. g3 d5 4. Nf3 Bb4+ 5. Bd2 Bd6 6. Nc3 O-O 7. Bg2 Nbd7 8. c5
Be7 9. O-O c6 10. b4 Re8 11. Qc2 Bf8 12. e4 Nxe4 13. Nxe4 dxe4 14. Qxe4 e5 15.
Bg5 exd4 16. Qxd4 Nf6 17. Qb2 Be7 18. Rad1 Nd5 19. Bxe7 Qxe7 20. Rfe1 Be6 21.
Nd4 Qf6 22. h3 Nc7 23. Qa3 a6 24. Nxe6 Nxe6 25. Qf3 Qxf3 26. Bxf3 Red8 27. Bg4
Rxd1 28. Rxd1 a5 29. Bxe6 fxe6 30. a3 axb4 31. axb4 Rf8 32. Kg2 Rb8 33. Rd7 Kf8
34. Rc7 b6 35. Rxc6 bxc5 36. bxc5 Ke7 37. Rb6 Rc8 38. Rb5 Rc7 39. Kf3 Kd7 40.
Ke4 Kc6 41. Rb6+ Kxc5 42. Rxe6 Ra7 43. h4 Ra4+ 44. Kf5 Ra7 45. f4 Kd5 46. Re8
Rf7+ 47. Kg5 Kd6 48. Rh8 1-0

[Event "BL 1718 SV Werder Bremen - FC Bayern MÃ"]
[Site "?"]
[Date "2018.02.24"]
[Round "9.5"]
[White "Schneider, Stefan"]
[Black "Spoelman, Wouter"]
[Result "1-0"]
[WhiteElo "2401"]
[BlackElo "2578"]
[PlyCount "75"]
[EventDate "2018.??.??"]
[EventType "team-tourn"]

1. d4 d5 2. c4 c6 3. cxd5 cxd5 4. Bg5 Nc6 5. Nc3 f6 6. Bd2 e6 7. Nf3 Bd6 8. e3
a6 9. Be2 Nge7 10. O-O O-O 11. Rc1 b5 12. Bd3 Bd7 13. e4 Kh8 14. Re1 Bc7 15.
Ne2 Bb6 16. Nf4 dxe4 17. Bxe4 e5 18. d5 Nd4 19. Nxd4 Bxd4 20. Qh5 f5 21. d6 Be8
22. Qg5 Ng8 23. Ne6 Qf6 24. Nxf8 fxe4 25. Qxf6 Nxf6 26. Rc7 Nd5 27. Rc2 Bf7 28.
d7 Nb6 29. Bg5 Rxf8 30. d8=Q Rxd8 31. Bxd8 Nd5 32. Rc8 h6 33. Bb6+ Kh7 34. Bxd4
exd4 35. Rxe4 Nb6 36. Rc7 Bxa2 37. Rxd4 a5 38. Rg4 1-0

[Event "BL 1718 SV Werder Bremen - FC Bayern MÃ"]
[Site "?"]
[Date "2018.02.24"]
[Round "9.6"]
[White "Babula, Vlastimil"]
[Black "Schenk, Andreas"]
[Result "1-0"]
[WhiteElo "2554"]
[BlackElo "2428"]
[PlyCount "107"]
[EventDate "2018.??.??"]
[EventType "team-tourn"]

1. Nf3 Nf6 2. c4 e6 3. e3 d5 4. b3 Be7 5. Bb2 O-O 6. Nc3 c5 7. cxd5 exd5 8. d4
Nc6 9. Be2 Ne4 10. dxc5 Nxc3 11. Bxc3 Bxc5 12. O-O Be6 13. Nd4 Nxd4 14. Bxd4
Rc8 15. Qd2 Bxd4 16. Qxd4 Qa5 17. Rfd1 Rc2 18. b4 Qa3 19. Bd3 Rc3 20. h3 b6 21.
Rd2 Rfc8 22. Kh2 Rc1 23. Rxc1 Qxc1 24. Ba6 Rc2 25. Rxc2 Qxc2 26. Qe5 g6 27.
Qb8+ Kg7 28. Qxa7 Qxf2 29. Qxb6 Qxa2 30. Qd4+ Kf8 31. Qc5+ Kg8 32. Bd3 Qa3 33.
Qd4 Kf8 34. Qc5+ Kg7 35. Be2 Qb2 36. Bf3 Qe5+ 37. Kg1 Qa1+ 38. Kf2 Qb2+ 39. Kg3
Qe5+ 40. Kf2 Qb2+ 41. Ke1 Qa1+ 42. Bd1 Qa3 43. Kd2 Kg8 44. Bc2 Bd7 45. Qa5 Qxa5
46. bxa5 Kf8 47. Kc3 Ke7 48. Kd4 Kd6 49. a6 f5 50. a7 Bc6 51. h4 Bb7 52. g3 Bc6
53. h5 Bb7 54. h6 1-0

[Event "BL 1718 SV Werder Bremen - FC Bayern MÃ"]
[Site "?"]
[Date "2018.02.24"]
[Round "9.7"]
[White "Belezky, Alexander"]
[Black "Werle, Jan"]
[Result "1-0"]
[WhiteElo "2360"]
[BlackElo "2532"]
[PlyCount "113"]
[EventDate "2018.??.??"]
[EventType "team-tourn"]

1. Nf3 Nf6 2. g3 e6 3. Bg2 Be7 4. d3 c5 5. e4 Nc6 6. O-O O-O 7. c4 b6 8. Nc3
Bb7 9. e5 Ne8 10. d4 cxd4 11. Nxd4 Qc8 12. Nxc6 Bxc6 13. Qe2 d6 14. exd6 Nxd6
15. b3 Nf5 16. Bxc6 Qxc6 17. Qe4 Qxe4 18. Nxe4 Rfd8 19. Bb2 Rd7 20. Rfd1 Rad8
21. Rxd7 Rxd7 22. Kf1 f6 23. Ke2 Nd4+ 24. Bxd4 Rxd4 25. f3 f5 26. Nf2 Rd7 27.
Rd1 Rc7 28. Nd3 Kf8 29. Ne5 Ke8 30. f4 Bf6 31. Nf3 Ke7 32. Nd4 a6 33. Nc2 b5
34. Ne3 g5 35. Rd2 b4 36. Nc2 Bc3 37. Rd3 g4 38. a3 a5 39. a4 Bf6 40. Kf2 h5
41. Kg2 Kf7 42. h4 Be7 43. Nd4 Rc8 44. Nb5 Kf8 45. Kf1 Bc5 46. Rd7 Rc6 47. Ke2
Bb6 48. Rh7 Kg8 49. Rd7 Kf8 50. Rb7 Bd8 51. Rb8 Ke7 52. Kd3 Bb6 53. Ke2 Kf6 54.
Rf8+ Ke7 55. Rh8 Kf7 56. Ra8 Ke7 57. Na7 1-0

[Event "BL 1718 SV Werder Bremen - FC Bayern MÃ"]
[Site "?"]
[Date "2018.02.24"]
[Round "9.8"]
[White "Markgraf, Rolf-Alexander"]
[Black "Rafiee, Makan"]
[Result "1/2-1/2"]
[WhiteElo "2514"]
[BlackElo "2348"]
[PlyCount "43"]
[EventDate "2018.??.??"]
[EventType "team-tourn"]

1. e4 e5 2. Nf3 Nc6 3. Bb5 a6 4. Ba4 Nf6 5. O-O Be7 6. Re1 b5 7. Bb3 O-O 8. c3
d5 9. exd5 Nxd5 10. Nxe5 Nxe5 11. Rxe5 c6 12. d3 Bd6 13. Re1 Bf5 14. Qf3 Re8
15. Be3 Nxe3 16. Rxe3 Rxe3 17. fxe3 Bxh2+ 18. Kxh2 Qh4+ 19. Kg1 Qe1+ 20. Kh2
Qh4+ 21. Kg1 Qe1+ 22. Kh2 1/2-1/2

[Event "BL 1718 SF Deizisau - USV Dresden"]
[Site "?"]
[Date "2018.02.24"]
[Round "9.1"]
[White "Almasi, Zoltan"]
[Black "Leko, Peter"]
[Result "1/2-1/2"]
[WhiteElo "2689"]
[BlackElo "2692"]
[PlyCount "54"]
[EventDate "2018.??.??"]
[EventType "team-tourn"]

1. c4 Nf6 2. g3 e6 3. Bg2 d5 4. Nf3 Be7 5. O-O O-O 6. d4 dxc4 7. Qc2 a6 8. Qxc4
b5 9. Qc2 Bb7 10. Bg5 Nbd7 11. Bxf6 Nxf6 12. Nbd2 Rc8 13. Nb3 c5 14. dxc5 Ne4
15. Rfd1 Qc7 16. c6 Qxc6 17. Qxc6 Bxc6 18. Ne5 Bd5 19. Nd7 Rfe8 20. Nb6 Rc2 21.
Nxd5 exd5 22. Rxd5 Nf6 23. Re5 Ng4 24. Re4 Nf6 25. Re3 Ng4 26. Re4 Nf6 27. Re5
Ng4 1/2-1/2

[Event "BL 1718 SF Deizisau - USV Dresden"]
[Site "?"]
[Date "2018.02.24"]
[Round "9.2"]
[White "Meier, Georg"]
[Black "Nisipeanu, Liviu-Dieter"]
[Result "1/2-1/2"]
[WhiteElo "2647"]
[BlackElo "2682"]
[PlyCount "103"]
[EventDate "2018.??.??"]
[EventType "team-tourn"]

1. Nf3 d5 2. g3 Nc6 3. d4 Bf5 4. Bg2 Nb4 5. Na3 e6 6. O-O Be7 7. c3 Nc6 8. Qb3
Rb8 9. Qa4 Nf6 10. b4 Nd7 11. Nd2 O-O 12. e4 Nb6 13. Qb3 Bg6 14. Nc2 a5 15. a3
Ra8 16. Bb2 dxe4 17. Nxe4 Nd5 18. Ne3 Kh8 19. Nxd5 Qxd5 20. c4 Qd8 21. d5 exd5
22. cxd5 Nb8 23. bxa5 Nd7 24. Qc3 Rg8 25. Rac1 Nf6 26. Nxf6 Bxf6 27. Qb3 Bxb2
28. Qxb2 Rxa5 29. Qxb7 Rxa3 30. Rxc7 Rd3 31. Qc6 h6 32. h4 Qf6 33. Qxf6 gxf6
34. Re1 Rb8 35. Rc4 Kg7 36. Rf4 Rd2 37. Rc1 Bc2 38. Rg4+ Kf8 39. Rf4 Kg7 40. g4
Rb2 41. Ra1 Bb3 42. Ra5 Rb1+ 43. Kh2 Rbd1 44. Ra6 Bxd5 45. Raxf6 Be6 46. g5
hxg5 47. hxg5 Re1 48. Re4 Rxe4 49. Bxe4 Bd5 50. Rd6 Rxf2+ 51. Kg3 Bxe4 52. Kxf2
1/2-1/2